3-literowe nazwy pierwiastków chemicznych - Statystyki

Ogólne statystyki
  • Ten quiz został rozwiązany 1 754 razy
  • Średni wynik to 11 z 20
Statystyki odpowiedzi
Pierwiastek % Poprawnych
Hel
89%
Bor
82%
Lit
78%
Jod
76%
Rad
76%
Sód
73%
Bar
72%
Cez
60%
Itr
59%
Gal
57%
Tal
50%
Tor
45%
Osm
43%
Ind
41%
Rod
41%
Cer
38%
Ren
37%
Erb
34%
Has
32%
Tul
32%
Nie znaleziono quizów pasujących do podanych kryteriów
Rozkład punktacji
Procent ludzi z każdym wynikiem
Percentyl według liczby udzielonych odpowiedzi
Twoja historia wyników
Nie rozwiązałeś tego quizu